Las casas del alma: maquetas arquitectónicas de la antigüedad 5500 a.c. 300 d.c
Uloženo v:
| Médium: | Kniha |
|---|---|
| Jazyk: | španělština |
| Vydáno: |
Barcelona
Fundación Caja de Arquitectos
1997
|
| Edice: | Colección Arquíthemas, 1
|
| Témata: | |
| Tagy: |
Přidat tag
Žádné tagy, Buďte první, kdo vytvoří štítek k tomuto záznamu!
|
MARC
| LEADER | 00000nam a2200000 a 4500 | ||
|---|---|---|---|
| 001 | UCQ8465 | ||
| 003 | CL-VaPUC | ||
| 008 | 981209e19970000SP |||||||||||||||||spa|d | ||
| 082 | 0 | 4 | |a 720.9 |b CAS |2 21 |
| 245 | 1 | 4 | |a Las casas del alma: maquetas arquitectónicas de la antigüedad 5500 a.c. 300 d.c |
| 300 | |a 297 p | ||
| 942 | |c BK | ||
| 945 | |d 19981209 00:00:00 |a aarredon | ||
| 260 | |a Barcelona |b Fundación Caja de Arquitectos |c 1997 | ||
| 650 | 0 | |a Arquitectura |9 804558 | |
| 650 | 0 | |a Historia |9 255047 | |
| 650 | 0 | |a Diseño arquitectónico |9 265271 | |
| 650 | 7 | |a MAQUETAS |2 CL-VaPUC |9 372598 | |
| 650 | 0 | |a Viviendas |9 255326 | |
| 650 | 0 | |a Planos arquitectónicos |9 268148 | |
| 650 | 7 | |a TEMPLOS |2 CL-VaPUC |9 266644 | |
| 583 | |a last modification |c 19981209 00:00:00 |k Rodrigo Vera | ||
| 490 | 0 | |a Colección Arquíthemas, 1 | |
| 999 | |c 277719 |d 277717 | ||
| 952 | |0 0 |1 0 |4 0 |6 720_900000000000000_CAS_1997 |7 0 |8 A |9 315890 |a BIBARQ |b BIBARQ |d 2019-11-20 |i 3484033 |l 2 |o 720.9 CAS 1997 |p 3484033 |r 2025-01-20 |s 2024-06-10 |w 2019-11-20 |y BK |k ARQ | ||